| 000 | 00000nam 2200000zi 4500 |
| 001 | 9.922118 |
| 003 | CaOODSP |
| 005 | 20230503091532 |
| 006 | m o d f |
| 007 | cr |n||||||||| |
| 008 | 230501e20230330onc o f|0| 0 eng d |
| 040 | |aCaOODSP|beng|erda|cCaOODSP |
| 043 | |an-cn--- |
| 086 | 1 |aYN5-264/2023E-PDF |
| 245 | 02|aA distributional analysis of the federal fuel charge under the 2030 Emissions Reduction Plan. |
| 264 | 1|aOttawa : |bOffice of the Parliamentary Budget Officer = Bureau du Directeur parlementaire du budget, |cMarch 30, 2023. |
| 264 | 4|c©2023 |
| 300 | |a1 online resource (19 pages) |
| 336 | |atext|btxt|2rdacontent |
| 337 | |acomputer|bc|2rdamedia |
| 338 | |aonline resource|bcr|2rdacarrier |
| 500 | |aIssued also in French under title: Analyse distributive de la redevance fédérale sur les combustibles dans le cadre du Plan de réduction des émissions pour 2030. |
| 500 | |a"RP-2223-028-S_e." |
| 650 | 0|aClimate change mitigation|xGovernment policy|zCanada. |
| 650 | 0|aGreenhouse gas mitigation|xGovernment policy|zCanada. |
| 650 | 0|aCarbon taxes|zCanada. |
| 710 | 1 |aCanada. |bOffice of the Parliamentary Budget Officer, |eissuing body. |
| 775 | 08|tAnalyse distributive de la redevance fédérale sur les combustibles dans le cadre du Plan de réduction des émissions pour 2030.|w(CaOODSP)9.922189 |
| 856 | 40|qPDF|s292 KB|uhttps://publications.gc.ca/collections/collection_2023/dpb-pbo/YN5-264-2023-eng.pdf |